[Event "Guernsey Holiday op 44th"]
[Site "Vale"]
[Date "2018.10.22"]
[Round "2"]
[White "Foran, Barry"]
[Black "Strade, Arita"]
[Result "0-1"]
[WhiteElo "1688"]
[BlackElo "1846"]
[PlyCount "57"]
[EventDate "2018.10.21"]
[EventType "swiss"]
[EventRounds "7"]
[EventCountry "GCI"]
[SourceTitle "EXT 2021"]
[Source "ChessBase"]
[SourceDate "2020.10.23"]
[SourceVersion "1"]
[SourceVersionDate "2020.10.23"]
[SourceQuality "1"]

1. d4 Nf6 2. Nf3 e6 3. e3 b6 4. Bd3 Bb7 5. 0-0 Be7 6. c4 0-0 7. Nc3 d5 8. b3 Ne4 9. Qc2 f5 10. cxd5 exd5 11. Ne5 Rf6 12. Ne2 Nc6 13. a3 g6 14. Nf4 Nxe5 15. dxe5 Rc6 16. Qd1 g5 17. Nxd5 Qxd5 18. Bc4 Rxc4 19. Qxd5+ Bxd5 20. bxc4 Bxc4 21. Rd1 Be6 22. Bb2 Nc5 23. Rac1 Rc8 24. Bd4 Nb3 25. Rc6 Bd5 26. Rh6 c6 27. a4 Kg7 28. Rh3 g4 29. Rg3 0-1

[Event "Guernsey Holiday op 43rd"]
[Site "Guernsey"]
[Date "2017.10.18"]
[Round "4"]
[White "Foran, Barry"]
[Black "Haisma, Henk"]
[Result "1-0"]
[WhiteElo "1636"]
[BlackElo "1808"]
[PlyCount "126"]
[EventDate "2017.10.15"]
[EventType "swiss"]
[EventRounds "7"]
[EventCountry "GCI"]
[SourceTitle "EXT 2020"]
[Source "ChessBase"]
[SourceDate "2019.10.17"]
[SourceVersion "1"]
[SourceVersionDate "2019.10.17"]
[SourceQuality "1"]

1. d4 d5 2. Nf3 Nf6 3. e3 Bg4 4. c4 c6 5. Qb3 Qc8 6. Bd2 e6 7. Be2 Bd6 8. cxd5 exd5 9. Bb4 Bxb4+ 10. Qxb4 Na6 11. Qa3 Nc7 12. Nc3 a6 13. 0-0 Nb5 14. Bxb5 axb5 15. Qd6 Qd8 16. Qxd8+ Rxd8 17. Ne5 Bf5 18. b4 Ne4 19. Nxe4 dxe4 20. f3 f6 21. fxe4 Bxe4 22. Nf3 0-0 23. a4 Rfe8 24. axb5 Bd3 25. Rfe1 Bxb5 26. Nd2 Ra8 27. Kf2 f5 28. g3 g5 29. Nf3 h6 30. Ne5 Rad8 31. h3 f4 32. gxf4 gxf4 33. Rg1+ Kh7 34. Rg4 fxe3+ 35. Kxe3 Rd7 36. Re4 Rg7 37. Rg4 Ree7 38. Rag1 Rxg4 39. Rxg4 Bf1 40. h4 Bh3 41. Rf4 Be6 42. Ke4 Rg7 43. Rf6 Bd5+ 44. Kf4 Rg1 45. Ng4 Kg7 46. Rd6 Rf1+ 47. Ke3 Rf3+ 48. Ke2 Rf4 49. Nxh6 Re4+ 50. Kd3 Re6 51. Nf5+ Kf6 52. Rxe6+ Bxe6 53. Ng3 Bd5 54. Ke3 Ke6 55. Kf4 Kf6 56. Ne4+ Kg6 57. Nc5 Kh5 58. Kg3 b5 59. Nd7 Kg6 60. Ne5+ Kh5 61. Nd3 Be4 62. Nf4+ Kh6 63. Kg4 Bc2 1-0

[Event "Guernsey Holiday op 42nd"]
[Site "Guernsey"]
[Date "2016.10.20"]
[Round "5"]
[White "Foran, Barry"]
[Black "Hoogakker, Peter"]
[Result "0-1"]
[WhiteElo "1394"]
[BlackElo "1789"]
[PlyCount "110"]
[EventDate "2016.10.16"]
[EventType "swiss"]
[EventRounds "7"]
[EventCountry "GCI"]
[SourceTitle "EXT 2022"]
[Source "ChessBase"]
[SourceDate "2021.10.06"]
[SourceVersion "1"]
[SourceVersionDate "2021.10.06"]
[SourceQuality "1"]

1. d4 Nf6 2. Nf3 g6 3. Nc3 d5 4. Bf4 Bg7 5. e3 0-0 6. Ne5 c5 7. Be2 Nc6 8. Qd2 cxd4 9. exd4 Qb6 10. Nxc6 bxc6 11. Na4 Qb7 12. 0-0 Ne4 13. Qd1 Bd7 14. f3 Nf6 15. Kh1 Rfe8 16. Be5 Nh5 17. Nc5 Qc8 18. Ba6 Qd8 19. f4 Bc8 20. Bxg7 Bxa6 21. Nxa6 Nxg7 22. Nc5 Nf5 23. Qd3 Rb8 24. g4 Nd6 25. f5 Rxb2 26. fxg6 hxg6 27. Rf3 Ne4 28. Raf1 Nxc5 29. dxc5 Rf8 30. Rh3 Qb8 31. Qd4 e5 32. Qd2 Qb4 33. Qe3 Qe4+ 34. Qxe4 dxe4 35. Re1 Rxc2 36. Rxe4 Rd8 37. Rhe3 Rd1+ 38. Re1 Rxe1+ 39. Rxe1 Rxc5 40. Re2 Kg7 41. Kg2 f5 42. gxf5 gxf5 43. Kg3 Kf6 44. Rb2 Rc3+ 45. Kf2 f4 46. h4 Kf5 47. a4 Kg4 48. Rb7 Rc2+ 49. Kf1 Kxh4 50. Rxa7 Kg3 51. Rb7 Kf3 52. Rb3+ Kg4 53. Ra3 f3 54. a5 Kg3 55. a6 Rc1# 0-1

[Event "Guernsey Holiday op 42nd"]
[Site "Guernsey"]
[Date "2016.10.19"]
[Round "4"]
[White "Haisma, Henk"]
[Black "Foran, Barry"]
[Result "1/2-1/2"]
[WhiteElo "1836"]
[BlackElo "1394"]
[PlyCount "50"]
[EventDate "2016.10.16"]
[EventType "swiss"]
[EventRounds "7"]
[EventCountry "GCI"]
[SourceTitle "EXT 2022"]
[Source "ChessBase"]
[SourceDate "2021.10.06"]
[SourceVersion "1"]
[SourceVersionDate "2021.10.06"]
[SourceQuality "1"]

1. b4 Nf6 2. Bb2 d5 3. e3 c6 4. a3 g6 5. c4 Bg7 6. Nf3 Bg4 7. Be2 e6 8. Qc2 0-0 9. d3 Bxf3 10. Bxf3 Nbd7 11. Nd2 a5 12. 0-0 b5 13. cxb5 cxb5 14. bxa5 Rc8 15. Qb1 Nc5 16. Bxf6 Bxf6 17. d4 Qxa5 18. Ra2 Na4 19. Nb3 Qa6 20. Rc2 Rxc2 21. Qxc2 Rc8 22. Qd2 Be7 23. Ra1 Nb6 24. Be2 Nc4 25. Qd3 Rc7 1/2-1/2

[Event "Guernsey Holiday op 39th"]
[Site "Guernsey"]
[Date "2013.10.25"]
[Round "6"]
[White "Le Maitre, Richard"]
[Black "Foran, Barry"]
[Result "0-1"]
[WhiteElo "1423"]
[BlackElo "1503"]
[PlyCount "76"]
[EventDate "2013.10.20"]
[EventType "swiss"]
[EventRounds "7"]
[EventCountry "GCI"]
[SourceTitle "EXT 2022"]
[Source "ChessBase"]
[SourceDate "2021.10.06"]
[SourceVersion "1"]
[SourceVersionDate "2021.10.06"]
[SourceQuality "1"]

1. d4 c6 2. e4 d5 3. e5 c5 4. c3 Nc6 5. Bb5 Bf5 6. h3 cxd4 7. Bxc6+ bxc6 8. cxd4 e6 9. Nc3 c5 10. Qa4+ Qd7 11. Qxd7+ Kxd7 12. Be3 cxd4 13. Bxd4 Bb4 14. Nge2 Ne7 15. a3 Ba5 16. b4 Bc7 17. 0-0 Nc6 18. f4 Bd3 19. Rfe1 Nxd4 20. Nxd4 Bb6 21. Nce2 Bxe2 22. Kh2 Bxd4 23. Ra2 Bc4 24. Rc2 Rhc8 25. Rd1 Bb6 26. Rdc1 Be3 27. Re1 Bxf4+ 28. g3 Bg5 29. h4 Bh6 30. Rf2 Ke7 31. g4 g6 32. g5 Bg7 33. Rc2 Bd3 34. Rd2 Rc2 35. Rxc2 Bxc2 36. Re2 Rc8 37. Kg1 Be4 38. Kf2 Bxe5 0-1

[Event "Guernsey Holiday op 39th"]
[Site "Guernsey"]
[Date "2013.10.21"]
[Round "2"]
[White "Foran, Barry"]
[Black "Collins, Alan"]
[Result "0-1"]
[WhiteElo "1503"]
[BlackElo "1720"]
[PlyCount "92"]
[EventDate "2013.10.20"]
[EventType "swiss"]
[EventRounds "7"]
[EventCountry "GCI"]
[SourceTitle "EXT 2022"]
[Source "ChessBase"]
[SourceDate "2021.10.06"]
[SourceVersion "1"]
[SourceVersionDate "2021.10.06"]
[SourceQuality "1"]

1. d4 f5 2. Bg5 d6 3. Nc3 Nd7 4. e4 fxe4 5. Nxe4 Ndf6 6. Bd3 g6 7. Nf3 Bg7 8. Qe2 Nxe4 9. Bxe4 Nf6 10. Bd3 0-0 11. 0-0-0 c6 12. h3 Re8 13. Kb1 Qa5 14. Bd2 Qb6 15. Qe1 Qc7 16. Bc3 Bd7 17. b3 Nd5 18. Bb2 a5 19. c4 Nb4 20. g4 Nxd3 21. Rxd3 a4 22. b4 e5 23. dxe5 dxe5 24. Qd2 Be6 25. Re1 Rad8 26. Rd1 Rxd3 27. Qxd3 Qf7 28. Ng5 Bxc4 29. Nxf7 Bxd3+ 30. Rxd3 Kxf7 31. Re3 g5 32. Re4 Ke6 33. Kc2 b5 34. Bc1 h6 35. Be3 Rf8 36. Bc5 Rf3 37. h4 gxh4 38. Bd4 h3 39. Re1 Rf4 40. Be3 Rxg4 41. f4 Rg2+ 42. Kb1 exf4 43. Bxf4+ Kf5 44. Bc1 h2 45. Rh1 Be5 46. Rf1+ Kg4 0-1

[Event "Gibraltar Challengers-B"]
[Site "Gibraltar"]
[Date "2009.02.04"]
[Round "4"]
[White "Hashimov, Gasim"]
[Black "Foran, Barry"]
[Result "0-1"]
[WhiteElo "1810"]
[BlackElo "1285"]
[PlyCount "33"]
[EventDate "2009.02.01"]
[EventType "swiss"]
[EventRounds "5"]
[EventCountry "ENG"]
[SourceTitle "EXT 2012"]
[Source "ChessBase"]
[SourceDate "2011.11.24"]
[SourceVersion "1"]
[SourceVersionDate "2011.11.24"]
[SourceQuality "1"]

1. d4 c6 2. c4 d5 3. Nc3 Nf6 4. Nf3 dxc4 5. a4 Bf5 6. Nh4 Bc8 7. e4 e5 8. d5 Nxe4 9. Bxc4 Qxh4 10. Qe2 Nxc3 11. Qxe5+ Qe7 12. Qxe7+ Bxe7 13. bxc3 cxd5 14. Bxd5 Nc6 15. 0-0 0-0 16. Bb2 Bf5 17. Rad1 0-1